The Umbral Calculus
Saved in:
| Main Author: | |
|---|---|
| Format: | Book |
| Language: | English |
| Published: |
New York :
Academic Press,
1984
|
| Series: | Pure and applied mathematics (Academic Press)
; 111 |
| Subjects: | |
| Tags: |
Add Tag
No Tags, Be the first to tag this record!
|
MARC
| LEADER | 00000cam a2200000 i 4500 | ||
|---|---|---|---|
| 001 | 1/61689 | ||
| 008 | 941103s1984 eng d | ||
| 020 | |a 0125943806 | ||
| 035 | |l 10046481 | ||
| 035 | |a 1993 | ||
| 040 | |a GR-MY-UA |b gre |e aacr | ||
| 041 | 0 | |a eng | |
| 082 | 0 | |a 515. | |
| 100 | 1 | |a Roman, Steven. | |
| 245 | 1 | 4 | |a The Umbral Calculus / |c Steven Roman |
| 260 | |a New York : |b Academic Press, |c 1984 | ||
| 300 | |a x, 193 p.; |b ill.; |c 24 cm | ||
| 490 | 1 | |a Pure and applied mathematics (Academic Press) |v ; 111 | |
| 504 | |a Includes bibliographical references and index | ||
| 650 | 0 | 0 | |a Calculus. |
| 830 | 0 | |a Pure and applied mathematics (Academic Press) |v ; 111 | |
| 852 | |a INST |b SAMOS |e 19941103 |h 515 ROM |p 005300007148 |q 005300007148 |t BK |y 0 | ||
| 909 | |a Σ |b 030711 | ||